Statistics for USA History Trivia

Click here to take the quiz!

General Stats

  • This quiz has been taken 1,152 times
    (1,139 since last reset)
  • The average score is 8 of 15

Answer Stats

QuestionAnswer% Correct
Pearl Harbor,Oahu,Hawaii, Was Attacked In What Year?1941
79%
What Racist Group Terrorizes Blacks Who Voted?Ku Klux Klan
78%
What Year Did John Fitzgerald Kennedy Get Assassinated?1963
77%
Who Discovered The Bahamas In 1492?Christopher Columbus
77%
In May 2011, American Navy Seals Went To Abbotabad, Pakistan To Kill Whom?Osama Bin Laden
64%
What Did Benjamin Franklin Discover In 1752?Electricity
62%
Where Was The Infamous 1906 U.S. Earthquake?San Francisco
58%
When Did The "Challenger" Space Shuttle Explode? (Year)1986
56%
When Did The California Gold Rush Officially Start? (Year)1849
50%
What Year Was John Adams Elected As President?1796
47%
The Oklahoma City Bombing Was What Kind Of Terrorism? (1995)Domestic
37%
What Was The First English Colony?Roanoke Island
34%
What Year Was James Abram Garfield Assassinated?1881
27%
John Winthrop Started Which Settlement In 1630?Boston
15%
Who Was The Supreme Court Cheif Justice Who Died In 1835?John Marshall
7%

Score Distribution

Percentile by Number Answered

Percent of People with Each Score

Your Score History

You have not taken this quiz since the last reset